Wörterbuch der Wirtschaftswissenschaft Russisch-Deutsch-Englisch
Guardado en:
| Formato: | Libro |
|---|---|
| Lenguaje: | ruso alemán inglés |
| Publicado: |
Berlin
Wirtschaft
1979
|
| Etiquetas: |
Sin Etiquetas, Sea el primero en etiquetar este registro!
|
MARC
| LEADER | 00000nam a2200000 4500 | ||
|---|---|---|---|
| 001 | 0223968 | ||
| 005 | 20240822101705.2 | ||
| 041 | 0 | |a rus | |
| 041 | 0 | |a ger | |
| 041 | 0 | |a eng | |
| 044 | |a DE | ||
| 245 | 1 | 0 | |a Wörterbuch der Wirtschaftswissenschaft |b Russisch-Deutsch-Englisch |
| 264 | 1 | |a Berlin |b Wirtschaft |c 1979 | |
| 300 | |a 376 s. | ||